000 00357nam a2200145Ia 4500
005 20251222152711.0
008 251222s9999||||xx |||||||||||||| ||spa||
020 _a8470391917
082 _a862.2/D48
100 _aDel Encina, Juan
245 0 _aPoesía Lírica y Cancionero Musical
250 _a1ra. ed.
264 _bClásicos Castilla
942 _cLIB
999 _c29216
_d29216